Suomen kaupungit - Statistics

Yleistilastot
  • Tätä visaa on pelattu 85 kertaa
  • Keskiarvotulos 4 / 6
Vastaustilastot
Kysymys Vastaus % Oikein
Mikä on Suomen vanhin kaupunki? Turku
90%
Mikä on Suomen läntisin kaupunki? Maarianhamina
70%
Mikä on pinta-alaltaan Suomen suurin kaupunki? Rovaniemi
67%
Mikä on Suomen toiseksi väkirikkain kaupunki? Espoo
63%
Mikä on Suomen asukasluvultaan pienin kaupunki? Kaskinen
57%
Mikä on Suomen pohjoisin kaupunki Kemijärvi
37%
Ehtoja vastaavia visoja ei löytynyt
Tulosjakauma
Jokaisen tuloksen saaneiden osuus
Persentiili vastausten määrän mukaan
Tuloshistoriasi
Et ole pelannut tätä visaa